| 000 | 00836cab a2200181 4500 | ||
|---|---|---|---|
| 001 | ##L132691 | ||
| 008 | 060228n2006 000 0 eng u | ||
| 035 | _a(Sirsi) u132691 | ||
| 041 | 0 | _aeng | |
| 100 | 1 | _aRawlinson, Simon | |
| 245 | 0 | 0 |
_aCost model _bswimming pools |
| 260 | _c2006 | ||
| 490 | 0 |
_aBuilding _v271(8419) 24 February 2006, 64-67(4) |
|
| 520 | _aExamines key design and economic issues relating to the construction of competition swimming pools. Considers demand for pools, economic and costs drivers, including pool size and flexibility, design issues, and such building performance issues as condensation control, leakage, glare and pool hall safety, dimensional tolerance, operating costs, and the safety and security of users. | ||
| 590 | _aIKA280206 | ||
| 690 | _aBUILT ENVIRONMENT-BUILDING COSTS | ||
| 942 | _n0 | ||
| 999 |
_c76559 _d76559 |
||